[Event "Novokuznetsk op"]
[Site "Novokuznetsk"]
[Date "2008.12.13"]
[Round "8"]
[White "Filimonov, Alexey"]
[Black "Podshivalin, Gennady"]
[Result "1-0"]
[WhiteElo "2233"]
[BlackElo "2106"]
[PlyCount "77"]
[EventDate "2008.11.22"]
[EventType "swiss"]
[EventRounds "9"]
[EventCountry "RUS"]
[SourceTitle "CBM 127 Extra"]
[Source "ChessBase"]
[SourceDate "2009.01.08"]
[SourceVersion "2"]
[SourceVersionDate "2009.01.28"]
[SourceQuality "1"]

1. e4 c6 2. d4 d5 3. e5 Bf5 4. Nc3 e6 5. g4 Bg6 6. Nge2 c5 7. Be3 cxd4 8. Nxd4 Nc6 9. Bb5 Qc7 10. Qe2 Bb4 11. 0-0 h5 12. f4 Bxc3 13. bxc3 hxg4 14. Qxg4 Nge7 15. Bxc6+ bxc6 16. Rf2 Bf5 17. Qe2 Rh6 18. Rg2 g6 19. Nb3 Be4 20. Rf2 Rh3 21. Bd4 Kf8 22. Nc5 Bf5 23. Rb1 Re8 24. Rb7 Qa5 25. Rxa7 Qb5 26. Qxb5 cxb5 27. Nd7+ Kg7 28. Nf6 Rhh8 29. Nxe8+ Rxe8 30. Bc5 Ng8 31. Rb7 Nh6 32. Rxb5 Ng4 33. Re2 Rh8 34. a4 Rh3 35. Bd4 Rf3 36. a5 Be4 37. a6 Rxf4 38. a7 Bf3 39. Rg2 1-0

[Event "Novokuznetsk op"]
[Site "Novokuznetsk"]
[Date "2008.11.29"]
[Round "4"]
[White "Podshivalin, Gennady"]
[Black "Chernov, Mikhail"]
[Result "0-1"]
[WhiteElo "2106"]
[BlackElo "2001"]
[PlyCount "56"]
[EventDate "2008.11.22"]
[EventType "swiss"]
[EventRounds "9"]
[EventCountry "RUS"]
[SourceTitle "CBM 127 Extra"]
[Source "ChessBase"]
[SourceDate "2009.01.08"]
[SourceVersion "2"]
[SourceVersionDate "2009.01.28"]
[SourceQuality "1"]

1. d4 Nf6 2. Nf3 e6 3. Bf4 c5 4. c4 Qb6 5. Qb3 Nc6 6. Qxb6 axb6 7. dxc5 Nb4 8. Kd1 Bxc5 9. Nc3 Ng4 10. Bg3 Bxf2 11. Kd2 Be3+ 12. Kd1 Bh6 13. e4 Ne3+ 14. Ke2 Nxc4 15. h3 Ne3 16. Bd6 Nec2 17. Bxb4 Nxb4 18. a4 0-0 19. Rd1 Rd8 20. e5 d5 21. exd6 Bf4 22. Nb5 Nd5 23. Kf2 Bxd6 24. Nxd6 Rxd6 25. Bc4 Bd7 26. Rd2 Bc6 27. Rhd1 Rad8 28. g3 Nc3 0-1

[Event "Novokuznetsk op"]
[Site "Novokuznetsk"]
[Date "2008.11.23"]
[Round "2"]
[White "Podshivalin, Gennady"]
[Black "Koshkin, Sergey"]
[Result "1/2-1/2"]
[WhiteElo "2106"]
[BlackElo "1888"]
[PlyCount "94"]
[EventDate "2008.11.22"]
[EventType "swiss"]
[EventRounds "9"]
[EventCountry "RUS"]
[SourceTitle "CBM 127 Extra"]
[Source "ChessBase"]
[SourceDate "2009.01.08"]
[SourceVersion "2"]
[SourceVersionDate "2009.01.28"]
[SourceQuality "1"]

1. d4 Nf6 2. Nf3 d6 3. c4 g6 4. Nc3 Bg7 5. h3 Nbd7 6. Bf4 c5 7. e3 0-0 8. g4 Re8 9. d5 Qa5 10. Qd2 Nb6 11. Rc1 Na4 12. Nxa4 Qxa4 13. b3 Qa3 14. Bd3 e5 15. dxe6 Bxe6 16. 0-0 d5 17. Qc2 Rad8 18. Ng5 dxc4 19. Bxc4 Nd5 20. Nxe6 fxe6 21. Bg3 Nc3 22. Rfe1 b5 23. Bf1 Rd7 24. e4 Rf8 25. Re3 Nxa2 26. Rd1 Rxd1 27. Qxd1 Bd4 28. Rf3 Rxf3 29. Qxf3 c4 30. e5 cxb3 31. Qf6 Qf8 32. Qxe6+ Qf7 33. Qc8+ Kg7 34. Bxb5 b2 35. Bd3 Nc3 36. Qb8 Nd1 37. e6 Qxe6 38. Qc7+ Qf7 39. Be5+ Bxe5 40. Qxe5+ Qf6 41. Qe1 Nc3 42. Kg2 Nd5 43. Bb1 Nf4+ 44. Kh2 h5 45. Qd1 hxg4 46. Qxg4 Nh5 47. Qe2 Qg5 1/2-1/2

[Event "SibFR-ch Seniors"]
[Site "Novosibirsk"]
[Date "2007.10.11"]
[Round "3"]
[White "Akishin, Oleg"]
[Black "Podshivalin, Gennady"]
[Result "1/2-1/2"]
[WhiteElo "2008"]
[BlackElo "2129"]
[PlyCount "35"]
[EventDate "2007.10.09"]
[EventType "swiss"]
[EventRounds "9"]
[EventCountry "RUS"]
[SourceTitle "EXT 2022"]
[Source "ChessBase"]
[SourceDate "2021.10.06"]
[SourceVersion "1"]
[SourceVersionDate "2021.10.06"]
[SourceQuality "1"]

1. e4 c6 2. d4 d5 3. Nc3 dxe4 4. Nxe4 Nf6 5. Nxf6+ exf6 6. Nf3 Bd6 7. Be3 0-0 8. Qd2 Be6 9. Be2 Qc7 10. c4 b6 11. 0-0 Re8 12. Rfc1 Bg4 13. h3 Bh5 14. c5 bxc5 15. dxc5 Bf8 16. Nd4 Bxe2 17. Nxe2 Nd7 18. b4 1/2-1/2